[Event "Cornella Pinol Memorial 2nd"]
[Site "Cornella de Llobregat"]
[Date "2014.10.06"]
[Round "2"]
[White "Escandell Mari, Juan Carlos"]
[Black "Avramov, Petkov Plamen"]
[Result "1-0"]
[WhiteElo "2367"]
[BlackElo "2009"]
[PlyCount "63"]
[EventDate "2014.09.29"]
[EventType "swiss"]
[EventRounds "9"]
[EventCountry "ESP"]
[SourceTitle "EXT 2016"]
[Source "ChessBase"]
[SourceDate "2015.10.08"]
[SourceVersion "1"]
[SourceVersionDate "2015.10.08"]
[SourceQuality "1"]

1. e4 c6 2. d4 d5 3. Nc3 dxe4 4. Nxe4 Bf5 5. Ng3 Bg6 6. h4 h6 7. Nf3 Nd7 8. h5 Bh7 9. Bd3 Bxd3 10. Qxd3 e6 11. Bd2 Qb6 12. 0-0-0 Ngf6 13. Ne5 Nxe5 14. dxe5 Nd7 15. Ba5 Nc5 16. Qd2 Qb5 17. Ne4 Be7 18. Nxc5 Qxc5 19. Qd7+ Kf8 20. Qxb7 Re8 21. Bc3 Kg8 22. f4 Kh7 23. Rd7 a5 24. Rc7 Bd8 25. Rxf7 Re7 26. Rxe7 Bxe7 27. Qd7 a4 28. Qxe6 Rd8 29. Qg6+ Kh8 30. e6 Qe3+ 31. Kb1 Bf8 32. a3 1-0

[Event "Cornella Pinol Memorial 1st"]
[Site "Cornella de Llobregat"]
[Date "2013.10.28"]
[Round "5"]
[White "Palacin Martin, Ricardo"]
[Black "Avramov, Petkov Plamen"]
[Result "1-0"]
[WhiteElo "2148"]
[BlackElo "1853"]
[PlyCount "51"]
[EventDate "2013.09.30"]
[EventType "swiss"]
[EventRounds "9"]
[EventCountry "ESP"]
[SourceTitle "EXT 2015"]
[Source "ChessBase"]
[SourceDate "2014.11.20"]
[SourceVersion "1"]
[SourceVersionDate "2014.11.20"]
[SourceQuality "1"]

1. e4 c6 2. d4 d5 3. exd5 cxd5 4. c4 Nf6 5. Nc3 e6 6. Nf3 h6 7. Bd3 Nc6 8. 0-0 Bb4 9. Bf4 Bxc3 10. bxc3 dxc4 11. Bxc4 Nd5 12. Bd2 0-0 13. Re1 a6 14. Qe2 b5 15. Bd3 Nf6 16. Ne5 Bb7 17. Ng4 Nb8 18. Nxf6+ Qxf6 19. Qg4 Rd8 20. f4 b4 21. Re3 Bd5 22. cxb4 Nc6 23. Bc3 Ne7 24. Rae1 Bb7 25. d5 h5 26. Bxf6 1-0

[Event "San Marti op U20 12th"]
[Site "San Marti"]
[Date "2010.07.21"]
[Round "9"]
[White "Avramov, Petkov Plamen"]
[Black "Porras Dalmau, Daniel"]
[Result "1-0"]
[WhiteElo "1882"]
[BlackElo "1951"]
[PlyCount "91"]
[EventDate "2010.07.13"]
[EventType "swiss"]
[EventRounds "9"]
[EventCountry "ESP"]
[SourceTitle "EXT 2012"]
[Source "ChessBase"]
[SourceDate "2011.11.24"]
[SourceVersion "1"]
[SourceVersionDate "2011.11.24"]
[SourceQuality "1"]

1. d4 d5 2. c4 e6 3. Nc3 c6 4. cxd5 exd5 5. Bf4 Nf6 6. e3 Bf5 7. Bd3 Bxd3 8. Qxd3 Nbd7 9. Nf3 Be7 10. h3 Nf8 11. 0-0 Ng6 12. Bh2 0-0 13. a3 Ne8 14. b4 b5 15. Rfc1 a5 16. Na2 Qc7 17. Qc2 axb4 18. Nxb4 Bxb4 19. axb4 Rxa1 20. Rxa1 Nd6 21. Bxd6 Qxd6 22. Qc5 Qxc5 23. dxc5 Rc8 24. Ra7 f6 25. Nd4 Ne5 26. Nf5 Kh8 27. Nxg7 Nd3 28. Nh5 Rf8 29. Rc7 Nxb4 30. Kf1 Kg8 31. Ke2 h6 32. Kd2 Rf7 33. Rc8+ Rf8 34. Rc7 Rf7 35. Rc8+ Rf8 36. Nxf6+ Kf7 37. Rxf8+ Kxf8 38. Kc3 Na6 39. Kd4 b4 40. Nd7+ Ke8 41. Ne5 b3 42. Kc3 Nxc5 43. f3 Ke7 44. Nxc6+ Kf6 45. Nd4 Kg5 46. g3 1-0

[Event "Barcelona Sants op-B 11th"]
[Site "Barcelona"]
[Date "2009.07.21"]
[Round "9"]
[White "Avramov, Petkov Plamen"]
[Black "Subirana Santos, Marc"]
[Result "1-0"]
[WhiteElo "1855"]
[BlackElo "1816"]
[PlyCount "83"]
[EventDate "2009.07.13"]
[EventType "swiss"]
[EventRounds "9"]
[EventCountry "ESP"]
[SourceTitle "EXT 2011"]
[Source "ChessBase"]
[SourceDate "2010.11.26"]
[SourceVersion "1"]
[SourceVersionDate "2010.11.26"]
[SourceQuality "1"]

1. d4 g6 2. c4 Bg7 3. Nc3 d6 4. Nf3 Nc6 5. e3 e5 6. d5 Nce7 7. e4 f5 8. Bd3 f4 9. g3 Nh6 10. gxf4 exf4 11. Bxf4 0-0 12. Qd2 Ng4 13. Rg1 Ne5 14. Nxe5 Bxe5 15. Bh6 Rf3 16. h4 Bd4 17. Nd1 Bd7 18. Be2 Bxf2+ 19. Nxf2 Rf7 20. h5 c5 21. Nd3 Qe8 22. Bg5 b5 23. cxb5 c4 24. Nf4 Bxb5 25. Ne6 c3 26. bxc3 Bxe2 27. Qxe2 Rb8 28. Rc1 Kh8 29. Rf1 gxh5 30. Rxf7 Qxf7 31. Qf2 Qxf2+ 32. Kxf2 Ng6 33. Rc2 Kg8 34. Bd8 Ne5 35. Bc7 Rb7 36. Bxd6 Rf7+ 37. Ke2 Ng4 38. Bg3 Nf6 39. Kd3 Ng4 40. Kd4 Rf3 41. Rg2 Kf7 42. Ng5+ 1-0

[Event "Barcelona Sants op-B 11th"]
[Site "Barcelona"]
[Date "2009.07.20"]
[Round "8"]
[White "Molinas Garcia, Francisco"]
[Black "Avramov, Petkov Plamen"]
[Result "1-0"]
[WhiteElo "1851"]
[BlackElo "1855"]
[PlyCount "37"]
[EventDate "2009.07.13"]
[EventType "swiss"]
[EventRounds "9"]
[EventCountry "ESP"]
[SourceTitle "EXT 2011"]
[Source "ChessBase"]
[SourceDate "2010.11.26"]
[SourceVersion "1"]
[SourceVersionDate "2010.11.26"]
[SourceQuality "1"]

1. e4 d5 2. exd5 Qxd5 3. Nc3 Qa5 4. b4 Qxb4 5. Rb1 Qd6 6. d4 c6 7. Bc4 e6 8. Nf3 Nf6 9. 0-0 Be7 10. Re1 0-0 11. Ne5 Nbd7 12. Nxf7 Rxf7 13. Rxe6 Qc7 14. Rxe7 Nd5 15. Nxd5 Qd8 16. Rxf7 Kxf7 17. Nc7+ Kf8 18. Ba3+ c5 19. Ne6+ 1-0

[Event "Sant Boi de Llobregat op 21st"]
[Site "Sant Boi de Llobregat"]
[Date "2009.05.22"]
[Round "4.10"]
[White "Avramov, Petkov Plamen"]
[Black "Companyo Pagerols, Josep Maria"]
[Result "0-1"]
[WhiteElo "1875"]
[BlackElo "2089"]
[PlyCount "54"]
[EventDate "2009.04.24"]
[EventType "swiss"]
[EventRounds "8"]
[EventCountry "ESP"]
[SourceTitle "EXT 2024"]
[Source "ChessBase"]
[SourceDate "2023.10.10"]
[SourceVersion "1"]
[SourceVersionDate "2023.10.10"]
[SourceQuality "1"]

1. d4 e6 2. c4 b6 3. Nf3 Bb7 4. e3 f5 5. Be2 Nf6 6. 0-0 Be7 7. Nc3 0-0 8. a3 Ne4 9. Qc2 d6 10. Nd2 Nxc3 11. Qxc3 Nd7 12. f4 Bf6 13. Bf3 c6 14. Qb3 Qe7 15. g4 fxg4 16. Bxg4 c5 17. Bf3 Bxf3 18. Nxf3 Qf7 19. Qd3 Rad8 20. d5 Kh8 21. e4 exd5 22. Qxd5 Qg6+ 23. Kh1 Rfe8 24. f5 Qg4 25. Nd2 Bd4 26. Qxd6 Ne5 27. Qc7 Rd7 0-1

[Event "Sant Boi de Llobregat op 21st"]
[Site "Sant Boi de Llobregat"]
[Date "2009.05.08"]
[Round "2.8"]
[White "Avramov, Petkov Plamen"]
[Black "Gallego Romero, Albert"]
[Result "0-1"]
[WhiteElo "1875"]
[BlackElo "2150"]
[PlyCount "52"]
[EventDate "2009.04.24"]
[EventType "swiss"]
[EventRounds "8"]
[EventCountry "ESP"]
[SourceTitle "EXT 2024"]
[Source "ChessBase"]
[SourceDate "2023.10.10"]
[SourceVersion "1"]
[SourceVersionDate "2023.10.10"]
[SourceQuality "1"]

1. d4 d5 2. c4 c6 3. cxd5 cxd5 4. Nc3 Nf6 5. Nf3 Nc6 6. a3 g6 7. h3 Bg7 8. b4 0-0 9. Bf4 Ne4 10. Rc1 Be6 11. e3 Rc8 12. Bd3 Nxc3 13. Rxc3 Nxd4 14. Rxc8 Nxf3+ 15. Qxf3 Qxc8 16. 0-0 Qc3 17. Qe2 Qxa3 18. Rb1 Rc8 19. e4 d4 20. Qd1 Rc3 21. Bc1 Qa2 22. f4 Bb3 23. Qe2 Qxe2 24. Bxe2 d3 25. Bf3 Bd4+ 26. Kf1 Ba2 0-1